000 01589nam a2200373 a 4500
001 ebr10062692
003 CaPaEBR
006 m u
007 cr cn|||||||||
008 020401s2003 enk sb 001 0 eng
010 _z 2002067213
020 _z0521573173
040 _aCaPaEBR
_cCaPaEBR
035 _a(OCoLC)56218174
050 1 4 _aPE540
_b.M56 2003eb
082 0 4 _a427/.02
_221
100 1 _aMinkova, Donka,
_d1944-
245 1 0 _aAlliteration and sound change in early English
_h[electronic resource] /
_cDonka Minkova.
260 _aCambridge, UK ;
_aNew York :
_bCambridge University Press,
_c2003.
300 _axix, 400 p.
490 1 _aCambridge studies in linguistics ;
_v101
504 _aIncludes bibliographical references (p. 371-388) and index.
533 _aElectronic reproduction.
_bPalo Alto, Calif. :
_cebrary,
_d2013.
_nAvailable via World Wide Web.
_nAccess may be limited to ebrary affiliated libraries.
650 0 _aEnglish language
_yMiddle English, 1100-1500
_xPhonology.
650 0 _aEnglish language
_yMiddle English, 1100-1500
_xVersification.
650 0 _aEnglish language
_yOld English, ca. 450-1100
_xVersification.
650 0 _aEnglish language
_yOld English, ca. 450-1100
_xPhonology.
650 0 _aEnglish language
_xPhonology, Historical.
650 0 _aAlliteration.
655 7 _aElectronic books.
_2local
710 2 _aebrary, Inc.
830 0 _aCambridge studies in linguistics ;
_v101.
856 4 0 _uhttp://site.ebrary.com/lib/rucke/Doc?id=10062692
_zAn electronic book accessible through the World Wide Web; click to view
999 _c47086
_d47086